000 00713nam a2200289Ia 4500
005 20260324135752.0
008 008 260324s9999 xx 000 0 eng d
020 _a9780203020784
037 _aEBOOK
040 _aCRL
040 _beng
040 _cCRL
041 _2eng
041 _aeng
084 _qCRL
100 _aSara Arber; Claudine Attias-Donfut
_91201839
245 4 _aThe Myth of Generational Conflict
245 4 _bThe Family and State in Ageing Societies
260 _bTaylor and Francis
260 _c2000
365 _a
365 _b340
856 _uhttp://www.taylorfrancis.com/books/9780203020784
942 _cEBOOK
999 _c1803259
_d1803259